| 000 | 00636nam a2200253 a 4500 | ||
|---|---|---|---|
| 003 | AR-BaBNM | ||
| 005 | 20251128204649.0 | ||
| 008 | 082120s2002 ||||||||||||||000 | spa|| | ||
| 020 | _a950-9168-10-6 | ||
| 040 | _cAR-BaBNM | ||
| 100 | 1 | _aAzamor, Julio | |
| 245 | 0 | 0 | _aUn rato antes del futuro |
| 260 |
_aBuenos Aires _bEspacio-Renglón _c1992 |
||
| 300 |
_a55 p. _bil. |
||
| 490 | 0 |
_aLa Cigarra _vv. 3 |
|
| 650 | 4 | _aLITERATURA INFANTIL | |
| 650 | 4 | _aLIBROS PARA NINOS | |
| 653 | _aCUENTOS DE MISTERIO | ||
| 653 | _aCUENTO MARAVILLOSO | ||
| 655 | _aLITERATURA | ||
| 700 | 0 |
_aPez _eilustrador |
|
| 942 | _cBK | ||
| 998 | _cLAURA | ||
| 999 |
_c8290 _d8290 |
||